مكتبة جامعة عجلون الوطنية

فهرس بحث المكتبة

العزو السببي وعلاقته بخبرات الاساءة لدى الطلبة ذوي الصعوبات التعلم = The causal Attibution and its Relationship to Abuse Experiences Among Students with Learning Disabiliities / (Record no. 33297)

MARC details
000 -LEADER
fixed length control field 01151nam a22001937a 4500
003 - CONTROL NUMBER IDENTIFIER
control field JO-AjAnu
005 - DATE AND TIME OF LATEST TRANSACTION
control field 20251015115358.0
008 - FIXED-LENGTH DATA ELEMENTS--GENERAL INFORMATION
fixed length control field 231211b jo ||||| |||| 00| 0 ara d
040 ## - CATALOGING SOURCE
Original cataloging agency JO-AjAnu
Language of cataloging ara
Transcribing agency JO-AjAnu
041 ## - LANGUAGE CODE
Language code of text/sound track or separate title ara
100 #1 - MAIN ENTRY--PERSONAL NAME
Personal name البعول، ختام مصطفى احمد
9 (RLIN) 64711
Relator term معد
245 ## - TITLE STATEMENT
Title العزو السببي وعلاقته بخبرات الاساءة لدى الطلبة ذوي الصعوبات التعلم = The causal Attibution and its Relationship to Abuse Experiences Among Students with Learning Disabiliities /
Statement of responsibility, etc. اعداد ختام مصطفى احمد البعول ؛ اشراف محمد عمر ابو الرب
260 ## - PUBLICATION, DISTRIBUTION, ETC.
Place of publication, distribution, etc. عجلون، الاردن :
Name of publisher, distributor, etc. جامعة عجلون الوطنية،
Date of publication, distribution, etc. 2023
300 ## - PHYSICAL DESCRIPTION
Extent 130 ورقة
504 ## - BIBLIOGRAPHY, ETC. NOTE
Bibliography, etc. note رسالة جامعية (ماجستير) .- جامعة عجلون الوطنية (عجلون، الأردن)، كلية العلوم التربوية، قسم صعوبات التعلم ، 2023.<br/>
650 70 - SUBJECT ADDED ENTRY--TOPICAL TERM
Topical term or geographic name entry element التربية الخاصة- صعوبات التعلم
9 (RLIN) 60651
700 #1 - ADDED ENTRY--PERSONAL NAME
Personal name ابو الرب، محمد عمر
9 (RLIN) 64993
Relator term مشرف
942 ## - ADDED ENTRY ELEMENTS (KOHA)
Source of classification or shelving scheme Library of Congress Classification
Koha item type Thesis
Suppress in OPAC No
Holdings
Withdrawn status Lost status Source of classification or shelving scheme Damaged status Not for loan Home library Current library Date acquired Total Checkouts Full call number Barcode Date last seen Price effective from Koha item type
    Library of Congress Classification     مكتبة جامعة عجلون الوطنية مكتبة جامعة عجلون الوطنية 30/06/2024   LC4704.2023 A29717 11/12/2023 30/06/2024 Thesis
    Library of Congress Classification     مكتبة جامعة عجلون الوطنية مكتبة جامعة عجلون الوطنية 30/06/2024   LC4704.2023 A29718 30/06/2024 30/06/2024 Thesis